000 00718nam a2200289Ia 4500
005 20260324144039.0
008 008 260324s9999 xx 000 0 eng d
020 _a9781315808154
037 _aEBOOK
040 _aCRL
040 _beng
040 _cCRL
041 _2eng
041 _aeng
084 _qCRL
100 _aTrevor Archer; Lars-Goran Nilsson
_91217877
245 0 _aAversion, Avoidance, and Anxiety
245 0 _bPerspectives on Aversively Motivated Behavior
260 _bTaylor and Francis
260 _c1989
365 _a
365 _b65.99
856 _uhttp://www.taylorfrancis.com/books/9781315808154
942 _cEBOOK
999 _c1824024
_d1824024